00599nam a2200157 4500082001200000100001900012245008200031250007800113260001900191300000800210490007800218500003100296520007800327650001400405650002200419 a540 PUR aGuide to IUPAC aPure and Applied Chemistry:special topic issue on green-sustainable chemistry aOfficial journal of the international union of pure and applied chemistry anew yorkc2007 a190 aOfficial journal of the international union of pure and applied chemistry aVol.79,No.11,November 2007 aOfficial journal of the international union of pure and applied chemistry aChemistry aOrganic Chemistry